Lower Hutt Suburbs - Statistics

General Stats
  • This quiz has been taken 100 times
    84 since last reset
  • The average score is 21 of 37
Answers on the Map
Answers color-coded by a green-red scale on the quiz's map according to % correct below.
 
Answer Stats
Answer % Correct
Petone
95%
Eastbourne
93%
Naenae
93%
Hutt Central
88%
Wainuiomata
88%
Wainuiomata Coast
88%
Belmont
74%
Stokes Valley
74%
Seaview
72%
Taita
70%
Woburn
70%
Avalon
67%
Days Bay
67%
Kelson
67%
Waterloo
63%
Alicetown
60%
Waiwhetu
56%
Maungaraki
53%
Moera
53%
Korokoro
51%
Normandale
51%
Epuni
47%
Gracefield
47%
Harbour View
47%
Melling
47%
Boulcott
42%
Fairfield
40%
Manor Park
40%
Tirohanga
40%
Haywards
35%
Lowry Bay
33%
Point Howard
33%
York Bay
30%
Sunshine Bay
28%
Mahina Bay
23%
Pencarrow Head
19%
Sorrento Bay
12%
No matching quizzes found
Score Distribution
Percent of People with Each Score
Percentile by Number Answered
Your Score History
You have not taken this quiz since the last reset